000
00264nam a22001217a 4500
008
181025b xxu||||| |||| 00| 0 eng d
041
_a
eng
080
_a
030
100
_a
25
101
_a
enc
245
_a
Britanica Great Boook
_c
Gilbert.H
942
_2
udc
_c
BK
999
_c
50935
_d
50935